Client education : (Record no. 21167)
[ view plain ]
| 000 -LEADER | |
|---|---|
| fixed length control field | 01273cam a22002775a 4500 |
| 001 - CONTROL NUMBER | |
| control field | 18367354 |
| 005 - DATE AND TIME OF LATEST TRANSACTION | |
| control field | 20160216141120.0 |
| 008 - FIXED-LENGTH DATA ELEMENTS--GENERAL INFORMATION | |
| fixed length control field | 141109t2016 maua frb 001 0 eng d |
| 020 ## - INTERNATIONAL STANDARD BOOK NUMBER | |
| International Standard Book Number | 9781284085037 (pbk. : alk. paper) |
| 020 ## - INTERNATIONAL STANDARD BOOK NUMBER | |
| International Standard Book Number | 1284085031 (pbk. : alk. paper) |
| 040 ## - CATALOGING SOURCE | |
| Original cataloging agency | DNLM/DLC |
| Language of cataloging | eng |
| Transcribing agency | DLC |
| Modifying agency | DLC |
| -- | EG-ScBUE |
| 082 04 - DEWEY DECIMAL CLASSIFICATION NUMBER | |
| Classification number | 615.5071 |
| Edition number | 22 |
| Item number | MIL |
| 100 1# - MAIN ENTRY--PERSONAL NAME | |
| Personal name | Miller, Mary A. |
| Fuller form of name | (Mary Alice) |
| 9 (RLIN) | 39368 |
| 245 10 - TITLE STATEMENT | |
| Title | Client education : |
| Remainder of title | theory and practice / |
| Statement of responsibility, etc | Mary A. Miller, Pamella Rae Stoeckel. |
| 250 ## - EDITION STATEMENT | |
| Edition statement | 2nd ed. |
| 260 ## - PUBLICATION, DISTRIBUTION, ETC. (IMPRINT) | |
| Place of publication, distribution, etc | Burlingtin : |
| Name of publisher, distributor, etc | Jones & Bartlett Learning, |
| Date of publication, distribution, etc | c.2016. |
| 300 ## - PHYSICAL DESCRIPTION | |
| Extent | ix, 368 p. : |
| Other physical details | ill. ; |
| Dimensions | 23 cm. |
| 500 ## - GENERAL NOTE | |
| General note | Index : p. 355-368. |
| 500 ## - GENERAL NOTE | |
| General note | Includes online access code. |
| 504 ## - BIBLIOGRAPHY, ETC. NOTE | |
| Bibliography, etc | Includes bibliographical references. |
| 505 0# - FORMATTED CONTENTS NOTE | |
| Formatted contents note | Overview of the client education model -- Thinking and learning -- Theories and principles of learning -- Learner and setting assessment -- The child learner -- The adult learner -- The older learner -- The culturally diverse learner -- Learning objectives -- Teaching strategies -- Instructional materials -- Formative evaluation -- Summative evaluation. |
| 650 #7 - SUBJECT ADDED ENTRY--TOPICAL TERM | |
| Topical term or geographic name as entry element | Patient education. |
| Source of heading or term | BUEsh |
| 9 (RLIN) | 39369 |
| 653 ## - INDEX TERM--UNCONTROLLED | |
| Resource For college | Nursing |
| Arrived date list | February2016 |
| 700 1# - ADDED ENTRY--PERSONAL NAME | |
| Personal name | Stoeckel, Pamella Rae, |
| 942 ## - ADDED ENTRY ELEMENTS (KOHA) | |
| Source of classification or shelving scheme | Dewey Decimal Classification |
| Withdrawn status | Item status | Source of classification or shelving scheme | Damaged status | Not for loan | Vendor | Home library | Current library | Shelving location | Date acquired | Source of acquisition | Cost, normal purchase price | Serial Enumeration / chronology | Total Checkouts | Full call number | Barcode | Date last seen | Cost, replacement price | Koha item type |
|---|---|---|---|---|---|---|---|---|---|---|---|---|---|---|---|---|---|---|
| Dewey Decimal Classification | Academic Bookshop | Central Library | Central Library | First floor | 16/02/2016 | Purchase | 515.00 | 4862 | 615.5071 MIL | 000031579 | 15/07/2025 | 643.75 | Book - Borrowing | |||||
| Dewey Decimal Classification | Academic Bookshop | Central Library | Central Library | First floor | 16/02/2016 | Purchase | 515.00 | 4862 | 615.5071 MIL | 000031581 | 15/07/2025 | 643.75 | Book - Borrowing | |||||
| Dewey Decimal Classification | Academic Bookshop | Central Library | Central Library | First floor | 16/02/2016 | Purchase | 515.00 | 4862 | 615.5071 MIL | 000031582 | 15/07/2025 | 643.75 | Book - Borrowing |